Radostný "návrat" Jána Romanovského Dilinove husle v nitrianskom Bábkovom divadle

Bibliographic Details
Format: Article
Language:Slovak
PhysicalDescription:Obr.
Subjects:

MARC

LEADER 00000nab a2200000 a 4500
001 vtls000351561
003 SK-MaSNL
005 20260303193828.0
008 040806c1989 xo 0 slo
015 |a SNBRB19rr/mm-uuuuu 
035 |a CL0351683 
040 |a SNKBUCL  |b slo  |c SNKBUCL  |e AACR2 
041 0 |a slo 
044 |a xo  |c SK 
080 |a 792.9  |2 1981 
245 0 0 |a Radostný "návrat" Jána Romanovského  |b Dilinove husle v nitrianskom Bábkovom divadle  |c [autor] F-a 
300 |b Obr. 
600 1 7 |a Romanovský, Ján,  |d 1916-1989  |t Dilinove husle  |2 snkbucl  |9 1225453 
610 2 7 |a Bábkové divadlo Nitra  |2 snkbucl  |9 29919 
650 0 7 |a bábkové hry  |2 snkbucl  |9 85271 
650 0 7 |a divadelné inscenácie  |2 snkbucl  |9 3326 
655 7 |a recenzie  |2 snkbucl  |9 21907 
655 7 |a články z novín a časopisov  |2 snkbucl  |9 267496 
773 0 |t Hlas ľudu  |g Roč. 35, č. 104 (4.5.1989), s. 4 
850 |a Slovenská národná knižnica v Martine  |a MTA001 
852 |a SNK  |b KIS3GCP 
999 |c 2154261  |d 2156191